[Event "7th Novi Sad it"]
[Site "Novi Sad"]
[Date "1978.10.02"]
[EventDate "1978.10.02"]
[Round "1.1"]
[White "Nogueiras Santiago, Jesus"]
[Black "Martinovic, Slobodan"]
[Result "1/2-1/2"]
[WhiteElo "2385"]
[BlackElo "2460"]
[PlyCount "28"]
[Source "Perpetual Check"]

1. e4 c5 2. c3 Nf6 3. e5 Nd5 4. d4 cxd4 5. cxd4 e6 6. Nf3 b6 7. Nc3 Nxc3 8.
bxc3 Bb7 9. Bd3 Be7 10. O-O O-O 11. Re1 Nc6 12. Qc2 h6 13. Qe2 Na5 14. Nd2 Rc8
1/2-1/2

[Event "7th Novi Sad it"]
[Site "Novi Sad"]
[Date "1978.10.02"]
[EventDate "1978.10.02"]
[Round "1.2"]
[White "Farago, Ivan"]
[Black "Notaros, Krasoje"]
[Result "1-0"]
[WhiteElo "2510"]
[BlackElo "2355"]
[PlyCount "59"]
[Source "Perpetual Check"]

1. d4 g6 2. c4 Bg7 3. Nc3 d6 4. e4 Nc6 5. d5 Nd4 6. Be3 c5 7. Nge2 Qb6 8. Qd2
Bd7 9. Rd1 Nxe2 10. Bxe2 Nf6 11. O-O O-O 12. Rb1 Qa5 13. Bh6 a6 14. Bxg7 Kxg7
15. f4 b5 16. e5 Ng8 17. b3 Bf5 18. Bd3 Nh6 19. Rbe1 Rab8 20. Bxf5 Nxf5 21. g4
Nd4 22. exd6 exd6 23. f5 f6 24. Re7+ Rf7 25. Rxf7+ Kxf7 26. fxg6+ hxg6 27.
Rxf6+ Kxf6 28. Ne4+ Ke5 29. Qxa5 Kxe4 30. Qe1+ 1-0

[Event "7th Novi Sad it"]
[Site "Novi Sad"]
[Date "1978.10.02"]
[EventDate "1978.10.02"]
[Round "1.4"]
[White "Geller, Efim"]
[Black "Sahovic, Dragutin"]
[Result "0-1"]
[WhiteElo "2590"]
[BlackElo "2490"]
[PlyCount "74"]
[Source "Perpetual Check"]

1. e4 b6 2. d4 Bb7 3. Bd3 e6 4. Nf3 c5 5. O-O cxd4 6. Nxd4 Bc5 7. Nb3 Be7 8.
Nc3 Nc6 9. Qg4 g6 10. Qg3 Nf6 11. Bh6 Nh5 12. Qe3 d6 13. Be2 Nf6 14. Rad1 a6
15. f4 Qc7 16. e5 dxe5 17. fxe5 Nd7 18. Qf4 Ndxe5 19. Ne4 f5 20. Bg7 Rg8 21.
Nf6+ Bxf6 22. Bxf6 Rc8 23. Qh4 Rf8 24. Rfe1 Kf7 25. Bxa6 Bxa6 26. Bxe5 Nxe5 27.
Rxe5 Kg8 28. Rxe6 Qxc2 29. Rd2 Qc4 30. Qxc4 Bxc4 31. Rxb6 Rfe8 32. Kf2 Re4 33.
Rb4 Rf4+ 34. Kg3 Rg4+ 35. Kh3 Re8 36. Nd4 Re3+ 37. Nf3 Rxf3+ 0-1

[Event "7th Novi Sad it"]
[Site "Novi Sad"]
[Date "1978.10.02"]
[EventDate "1978.10.02"]
[Round "1.5"]
[White "Jansa, Vlastimil"]
[Black "Planinc, Albin"]
[Result "1/2-1/2"]
[WhiteElo "2505"]
[BlackElo "2430"]
[PlyCount "45"]
[Source "Perpetual Check"]

1. e4 e5 2. Nf3 d6 3. d4 Nf6 4. Nc3 Nbd7 5. Bc4 Be7 6. O-O O-O 7. Qe2 c6 8. a4
exd4 9. Nxd4 Re8 10. Ba2 Bf8 11. Qf3 g6 12. Bg5 Bg7 13. Rad1 h6 14. Bh4 Nc5 15.
b4 Na6 16. b5 Nb4 17. bxc6 bxc6 18. e5 Nxa2 19. exf6 Nxc3 20. Qxc3 Bxf6 21.
Qxc6 Bg4 22. Bxf6 Qxf6 23. f3 1/2-1/2

[Event "7th Novi Sad it"]
[Site "Novi Sad"]
[Date "1978.10.02"]
[EventDate "1978.10.02"]
[Round "1.6"]
[White "Spiridonov, Nikola"]
[Black "Barczay, Laszlo"]
[Result "1/2-1/2"]
[WhiteElo "2405"]
[BlackElo "2465"]
[PlyCount "33"]
[Source "Perpetual Check"]

1. Nf3 Nf6 2. c4 e6 3. Nc3 d5 4. d4 c5 5. cxd5 Nxd5 6. g3 Nc6 7. Bg2 Nxd4 8.
Nxd4 Nxc3 9. bxc3 cxd4 10. Qxd4 Qxd4 11. cxd4 Bb4+ 12. Bd2 Bxd2+ 13. Kxd2 Rb8
14. Rhc1 Kd8 15. Rc3 Re8 16. d5 exd5 17. Bxd5 1/2-1/2

[Event "7th Novi Sad it"]
[Site "Novi Sad"]
[Date "1978.10.02"]
[EventDate "1978.10.02"]
[Round "1.7"]
[White "Vukic, Milan"]
[Black "Bjelajac, Milan"]
[Result "1-0"]
[WhiteElo "2480"]
[BlackElo "2415"]
[PlyCount "91"]
[Source "Perpetual Check"]

1. d4 f5 2. c4 Nf6 3. Nf3 g6 4. g3 Bg7 5. Bg2 O-O 6. O-O d6 7. Nc3 Nc6 8. d5
Na5 9. Nd2 c5 10. Qc2 e5 11. dxe6 Bxe6 12. Rd1 Nc6 13. e3 Qe7 14. Qa4 Ne5 15.
f4 Nd3 16. Nf1 Nxc1 17. Raxc1 Bd7 18. Qc2 Bc6 19. Rd3 Rfd8 20. Rcd1 Rd7 21. b3
Rad8 22. h3 a6 23. a4 Rb8 24. Kh2 Rbd8 25. Nd5 Bxd5 26. Bxd5+ Nxd5 27. Rxd5 Qe6
28. R1d3 Qf6 29. Kg2 Qb2 30. Qxb2 Bxb2 31. g4 fxg4 32. hxg4 Bf6 33. Nd2 b6 34.
e4 Bd4 35. Nf3 b5 36. cxb5 axb5 37. Nxd4 cxd4 38. Rxb5 d5 39. Rxd5 Rxd5 40.
exd5 Rxd5 41. g5 Rd8 42. b4 Kf7 43. Kf3 Ke6 44. Ke4 Rc8 45. a5 Rc1 46. Ra3 1-0

[Event "7th Novi Sad it"]
[Site "Novi Sad"]
[Date "1978.10.02"]
[EventDate "1978.10.02"]
[Round "1.8"]
[White "Deze, Anton"]
[Black "Jovic, Ljubomir"]
[Result "1/2-1/2"]
[WhiteElo "2395"]
[BlackElo "2325"]
[PlyCount "116"]
[Source "Perpetual Check"]

1. d4 d5 2. c4 e6 3. Nc3 Nc6 4. Nf3 a6 5. e3 Nf6 6. Be2 dxc4 7. Bxc4 b5 8. Be2
Bb7 9. O-O b4 10. Na4 Qd5 11. Qc2 Rd8 12. Rd1 Qe4 13. Bd3 Qd5 14. b3 Na5 15.
Bb2 Ne4 16. Nc5 Nxc5 17. dxc5 Qxc5 18. Qxc5 Bxc5 19. Bxg7 Rg8 20. Bf6 Be7 21.
Bxe7 Kxe7 22. Ne1 c5 23. Bxh7 Rxd1 24. Rxd1 Rc8 25. Bd3 c4 26. bxc4 Nxc4 27.
Rc1 Ne5 28. Rxc8 Bxc8 29. Be2 a5 30. f4 Nd7 31. Nd3 Bb7 32. Kf2 Bd5 33. Nc1 a4
34. Bd1 Nc5 35. Bc2 f5 36. g3 Kf6 37. Ke2 b3 38. axb3 axb3 39. Bb1 Be4 40. Nxb3
Nxb3 41. Bxe4 fxe4 42. g4 Na5 43. h4 Kg6 44. h5+ Kh6 45. Kd2 Nc4+ 46. Ke2 Nb6
47. Ke1 Nd5 48. Kd2 Kg7 49. g5 Kh7 50. Ke2 Ne7 51. Kd2 Nd5 52. Ke2 Kg7 53. Kd2
Kf7 54. Ke2 Ke7 55. Kd2 Kf8 56. Ke2 Kg8 57. Kd2 Kf7 58. Ke2 Ne7 1/2-1/2

[Event "7th Novi Sad it"]
[Site "Novi Sad"]
[Date "1978.10.03"]
[EventDate "1978.10.02"]
[Round "2.1"]
[White "Martinovic, Slobodan"]
[Black "Jovic, Ljubomir"]
[Result "0-1"]
[WhiteElo "2460"]
[BlackElo "2325"]
[PlyCount "140"]
[Source "Perpetual Check"]

1. e4 c5 2. Nf3 Nc6 3. Bb5 Qc7 4. O-O a6 5. Bxc6 Qxc6 6. Re1 d6 7. d4 cxd4 8.
c3 d3 9. Qxd3 e5 10. c4 Be6 11. b3 Rc8 12. Bd2 Nf6 13. Nc3 Be7 14. Rac1 O-O 15.
Bg5 h6 16. Bh4 Rfe8 17. Red1 g5 18. Bg3 Nd7 19. Nd2 Nf8 20. Nf1 Ng6 21. Ne3
Red8 22. f3 h5 23. h3 h4 24. Bh2 Qe8 25. Nf5 Bf8 26. Kh1 f6 27. Nd5 Qf7 28.
Nde3 Rc6 29. Nd5 Rdc8 30. Nb4 Rb6 31. Qd2 a5 32. Nd5 Ra6 33. a4 Bxf5 34. exf5
Ne7 35. Qd3 Nc6 36. Bg1 Kg7 37. Qe4 Nb8 38. Be3 Rac6 39. Qg4 Na6 40. Nxf6 Qxf6
41. Bxg5 Qf7 42. Bd8+ Kh7 43. Qxh4+ Kg8 44. Bf6 Bg7 45. Bxg7 Kxg7 46. f4 exf4
47. Rd4 Qf6 48. Qxf4 Nc5 49. Rc3 Kf7 50. Rg3 Rg8 51. Rxg8 Kxg8 52. Qg3+ Kf7 53.
Rf4 Rc8 54. Qf3 Rg8 55. Qd5+ Ke7 56. Qf3 Kd7 57. h4 Kc7 58. Kh2 Nd7 59. Kh3 Ne5
60. Qe4 Rh8 61. g3 b6 62. Qd5 Re8 63. Qd4 Rf8 64. Qe3 Nd7 65. g4 Rh8 66. Qg3
Qa1 67. g5 Re8 68. Rf2 Qh1+ 69. Qh2 Re3+ 70. Kg4 Qd1+ 0-1

[Event "7th Novi Sad it"]
[Site "Novi Sad"]
[Date "1978.10.03"]
[EventDate "1978.10.02"]
[Round "2.2"]
[White "Bjelajac, Milan"]
[Black "Deze, Anton"]
[Result "1/2-1/2"]
[WhiteElo "2415"]
[BlackElo "2395"]
[PlyCount "64"]
[Source "Perpetual Check"]

1. e4 c5 2. c3 b6 3. d4 Bb7 4. Bd3 Nf6 5. Nd2 cxd4 6. cxd4 Nc6 7. Ngf3 e6 8. a3
d6 9. O-O Be7 10. Qe2 O-O 11. e5 dxe5 12. dxe5 Nd7 13. Bb1 Qc7 14. Re1 Rfd8 15.
b4 Ncxe5 16. Nxe5 Qxe5 17. Qxe5 Nxe5 18. Rxe5 Bf6 19. f4 Bxe5 20. fxe5 Rac8 21.
Nf1 Rxc1 22. Bxh7+ Kxh7 23. Rxc1 Rd7 24. Rc3 g5 25. Kf2 Kg6 26. g4 Ba6 27. Ke1
Rd4 28. Ng3 Bc4 29. h3 b5 30. Re3 Bd5 31. Ne2 Rc4 32. Nc3 Bc6 1/2-1/2

[Event "7th Novi Sad it"]
[Site "Novi Sad"]
[Date "1978.10.03"]
[EventDate "1978.10.02"]
[Round "2.3"]
[White "Barczay, Laszlo"]
[Black "Vukic, Milan"]
[Result "1/2-1/2"]
[WhiteElo "2465"]
[BlackElo "2480"]
[PlyCount "68"]
[Source "Perpetual Check"]

1. e4 c6 2. d4 d5 3. Nd2 dxe4 4. Nxe4 Bf5 5. Nc5 b6 6. Nb3 e6 7. Nf3 Bd6 8. g3
Ne7 9. Bg2 Nd7 10. O-O h6 11. Re1 Qc7 12. Nbd2 g5 13. c4 Rd8 14. Qe2 Kf8 15. b3
Rg8 16. Ne4 Bxe4 17. Qxe4 Nf6 18. Qe2 Nf5 19. Bb2 Rg6 20. c5 Be7 21. Ne5 Rg7
22. Nxc6 Rd7 23. d5 Nxd5 24. Bxg7+ Kxg7 25. Nxe7 Ndxe7 26. cxb6 Qxb6 27. Qb2+
f6 28. Kh1 Nd4 29. f4 Ng6 30. fxg5 hxg5 31. Rad1 e5 32. Rf1 Rd8 33. Qf2 g4 34.
Rd2 f5 1/2-1/2

[Event "7th Novi Sad it"]
[Site "Novi Sad"]
[Date "1978.10.03"]
[EventDate "1978.10.02"]
[Round "2.4"]
[White "Planinc, Albin"]
[Black "Spiridonov, Nikola"]
[Result "0-1"]
[WhiteElo "2430"]
[BlackElo "2405"]
[PlyCount "96"]
[Source "Perpetual Check"]

1. e4 c6 2. d3 d5 3. Nd2 g6 4. Ngf3 Bg7 5. g3 e5 6. Bg2 Ne7 7. O-O O-O 8. Re1
d4 9. c3 c5 10. cxd4 cxd4 11. b4 f6 12. Qb3+ Rf7 13. a4 Nd7 14. Ba3 Nf8 15. Nc4
Be6 16. Nfd2 g5 17. Rec1 Nfg6 18. Qd1 Bf8 19. Nb3 b6 20. b5 Nc8 21. Bxf8 Nxf8
22. a5 Rb8 23. axb6 axb6 24. Qd2 Rc7 25. Qb4 Qe7 26. Qxe7 Nxe7 27. Nbd2 Nd7 28.
Ra3 Nc8 29. Rca1 Kf7 30. f4 gxf4 31. gxf4 Ke7 32. fxe5 fxe5 33. Nf3 Bxc4 34.
dxc4 Nd6 35. Nh4 Nc5 36. Rg3 Rf8 37. Rg7+ Rf7 38. Nf5+ Nxf5 39. Rxf7+ Kxf7 40.
Rf1 Ke6 41. Rxf5 Rg7 42. Rf8 Kd6 43. Kf1 Ne6 44. Rb8 Kc5 45. Bh3 Nf4 46. Rc8+
Kb4 47. Bf5 d3 48. Rc6 d2 0-1

[Event "7th Novi Sad it"]
[Site "Novi Sad"]
[Date "1978.10.03"]
[EventDate "1978.10.02"]
[Round "2.5"]
[White "Sahovic, Dragutin"]
[Black "Jansa, Vlastimil"]
[Result "1/2-1/2"]
[WhiteElo "2490"]
[BlackElo "2505"]
[PlyCount "32"]
[Source "Perpetual Check"]

1. Nc3 c5 2. Nf3 Nc6 3. e4 d6 4. Bc4 Nf6 5. d4 cxd4 6. Nxd4 Qb6 7. Nb3 e6 8.
O-O Be7 9. Bg5 a6 10. a4 Qc7 11. a5 O-O 12. Be2 Nd7 13. Bxe7 Nxe7 14. Qd2 Nf6
15. Bf3 Rd8 16. Na4 Bd7 1/2-1/2

[Event "7th Novi Sad it"]
[Site "Novi Sad"]
[Date "1978.10.03"]
[EventDate "1978.10.02"]
[Round "2.7"]
[White "Notaros, Krasoje"]
[Black "Popovic, Petar"]
[Result "0-1"]
[WhiteElo "2355"]
[BlackElo "2400"]
[PlyCount "48"]
[Source "Perpetual Check"]

1. Nf3 Nf6 2. d4 g6 3. Bg5 Bg7 4. e3 c5 5. c3 Qb6 6. Qc1 O-O 7. Nbd2 d5 8. Bd3
cxd4 9. cxd4 Bd7 10. O-O Rc8 11. Qb1 Bb5 12. Ne5 e6 13. h4 Nbd7 14. Ndf3 Nxe5
15. Nxe5 Ne4 16. Bxb5 Qxb5 17. Nf3 a5 18. b3 Bf8 19. Qb2 a4 20. Rac1 a3 21. Qa1
Bb4 22. Rxc8+ Rxc8 23. Bh6 Qe2 24. Ng5 Nc3 0-1

[Event "7th Novi Sad it"]
[Site "Novi Sad"]
[Date "1978.10.03"]
[EventDate "1978.10.02"]
[Round "2.8"]
[White "Nogueiras Santiago, Jesus"]
[Black "Farago, Ivan"]
[Result "1/2-1/2"]
[WhiteElo "2385"]
[BlackElo "2510"]
[PlyCount "50"]
[Source "Perpetual Check"]

1. d4 e6 2. c4 Nf6 3. Nf3 d5 4. Nc3 c5 5. cxd5 Nxd5 6. e4 Nxc3 7. bxc3 cxd4 8.
cxd4 Nc6 9. Bc4 b5 10. Be2 Bb4+ 11. Bd2 Qa5 12. d5 exd5 13. exd5 Ne7 14. O-O
Bxd2 15. Nxd2 O-O 16. Nb3 Qd8 17. Bxb5 Bb7 18. d6 Nf5 19. Nc5 Nxd6 20. Nxb7
Nxb7 21. Qf3 Nc5 22. Rac1 Qb6 23. Bc4 Rad8 24. Rfd1 Ne6 25. Bxe6 Qxe6 1/2-1/2

[Event "7th Novi Sad it"]
[Site "Novi Sad"]
[Date "1978.10.04"]
[EventDate "1978.10.02"]
[Round "3.1"]
[White "Farago, Ivan"]
[Black "Martinovic, Slobodan"]
[Result "1/2-1/2"]
[WhiteElo "2510"]
[BlackElo "2460"]
[PlyCount "50"]
[Source "Perpetual Check"]

1. d4 Nf6 2. c4 g6 3. Nc3 Bg7 4. e4 d6 5. Be2 O-O 6. Bg5 h6 7. Be3 e5 8. d5 c6
9. Qd2 cxd5 10. cxd5 Kh7 11. h4 Ng4 12. Bxg4 Bxg4 13. f3 Bd7 14. h5 g5 15. g4
Na6 16. Nge2 b5 17. O-O Qb8 18. Rfc1 Rc8 19. Ng3 Bf6 20. Nd1 Nc5 21. Nf2 Bd8
22. Rc2 Bb6 23. Rac1 a5 24. Nd3 Qa7 25. Nxc5 Bxc5 1/2-1/2

[Event "7th Novi Sad it"]
[Site "Novi Sad"]
[Date "1978.10.04"]
[EventDate "1978.10.02"]
[Round "3.2"]
[White "Popovic, Petar"]
[Black "Nogueiras Santiago, Jesus"]
[Result "1/2-1/2"]
[WhiteElo "2400"]
[BlackElo "2385"]
[PlyCount "81"]
[Source "Perpetual Check"]

1. g3 c5 2. Bg2 d5 3. Nf3 Nc6 4. d4 e6 5. O-O Nf6 6. b3 Be7 7. Bb2 O-O 8. e3
Bd7 9. Nbd2 cxd4 10. exd4 b5 11. c3 a5 12. a3 a4 13. b4 Ne8 14. Ne1 Nd6 15. Nd3
Nc4 16. Re1 Qc7 17. Nxc4 bxc4 18. Nf4 Bd6 19. Bc1 Ne7 20. Ra2 Rae8 21. Rae2 Qc8
22. h4 Kh8 23. Qd2 Ng8 24. Bf3 f5 25. Bg2 Nf6 26. f3 Re7 27. Qd1 Rfe8 28. Be3
Qb8 29. Qd2 Rg8 30. Kf2 g6 31. Rh1 Nh5 32. Nxh5 gxh5 33. f4 Reg7 34. Rh3 Qd8
35. Qe1 Qf6 36. Kf1 Rg6 37. Bf3 Qg7 38. Kg2 Rh6 39. Kh1 Qf7 40. Rhh2 Bb5 41.
Rb2 1/2-1/2

[Event "7th Novi Sad it"]
[Site "Novi Sad"]
[Date "1978.10.04"]
[EventDate "1978.10.02"]
[Round "3.3"]
[White "Geller, Efim"]
[Black "Notaros, Krasoje"]
[Result "1/2-1/2"]
[WhiteElo "2590"]
[BlackElo "2355"]
[PlyCount "92"]
[Source "Perpetual Check"]

1. d4 f5 2. g3 Nf6 3. Bg2 e6 4. Nf3 Be7 5. O-O O-O 6. c4 d5 7. Nbd2 c6 8. Ne5
Bd7 9. Ndf3 Ne4 10. Qb3 Qb6 11. Qc2 Be8 12. Nd3 Nd7 13. Be3 a5 14. Rac1 Bf7 15.
Rfd1 Qd8 16. c5 h6 17. Nfe5 Nxe5 18. Nxe5 Bh5 19. f3 Nf6 20. Nd3 g5 21. Qb3 Qc7
22. Rf1 Nd7 23. Rce1 a4 24. Qc3 Bf6 25. f4 Nb8 26. Ne5 Qg7 27. Qd2 Na6 28. h3
Nc7 29. Kh2 Nb5 30. Rg1 g4 31. hxg4 Bxg4 32. Nxg4 fxg4 33. Rd1 Qg6 34. Rh1 Qf5
35. Kg1 Kg7 36. Bf2 Bd8 37. a3 h5 38. e3 Rh8 39. Bf1 Qf6 40. Bd3 Be7 41. Qe2
Nc7 42. Rxh5 Rxh5 43. Qxg4+ Kh6 44. Qxh5+ Kxh5 45. g4+ Kxg4 46. Be2+ Kf5
1/2-1/2

[Event "7th Novi Sad it"]
[Site "Novi Sad"]
[Date "1978.10.04"]
[EventDate "1978.10.02"]
[Round "3.5"]
[White "Spiridonov, Nikola"]
[Black "Sahovic, Dragutin"]
[Result "1/2-1/2"]
[WhiteElo "2405"]
[BlackElo "2490"]
[PlyCount "48"]
[Source "Perpetual Check"]

1. g3 d5 2. Nf3 g6 3. c4 dxc4 4. Qa4+ Nd7 5. Bg2 Bg7 6. O-O Ngf6 7. Qxc4 O-O 8.
d3 c6 9. Qc2 e5 10. h3 Re8 11. e4 Nf8 12. Be3 h6 13. Nbd2 N6h7 14. Nb3 Ne6 15.
h4 Nef8 16. d4 exd4 17. Bxd4 Nf6 18. Rfe1 Bg4 19. Ne5 Be6 20. Rad1 Qc7 21. Nc4
Bxc4 22. Qxc4 Ne6 23. Bc3 Ng4 24. Bxg7 Kxg7 1/2-1/2

[Event "7th Novi Sad it"]
[Site "Novi Sad"]
[Date "1978.10.04"]
[EventDate "1978.10.02"]
[Round "3.6"]
[White "Vukic, Milan"]
[Black "Planinc, Albin"]
[Result "1-0"]
[WhiteElo "2480"]
[BlackElo "2430"]
[PlyCount "70"]
[Source "Perpetual Check"]

1. d4 Nf6 2. c4 c5 3. d5 e6 4. Nc3 exd5 5. cxd5 d6 6. Nf3 g6 7. e4 Bg7 8. Bf4
O-O 9. Be2 b5 10. Nd2 b4 11. Nb5 Ba6 12. Rb1 Re8 13. Nxd6 Bxe2 14. Qxe2 Nxd5
15. Qc4 Nxf4 16. Qxf7+ Kh8 17. Nxe8 Nd3+ 18. Kf1 Bh6 19. Nf6 Bg7 20. Ne8 Bh6
21. Nc4 Nd7 22. Rd1 Qxe8 23. Qxe8+ Rxe8 24. Rxd3 Nb6 25. Nd6 Re7 26. b3 Bf4 27.
Ke2 Bxd6 28. Rxd6 Rxe4+ 29. Kf3 Re7 30. Rc6 Nd7 31. Kg3 Re5 32. f4 Rd5 33. Re1
Kg7 34. Re7+ Kh6 35. Kf3 Rd3+ 1-0

[Event "7th Novi Sad it"]
[Site "Novi Sad"]
[Date "1978.10.04"]
[EventDate "1978.10.02"]
[Round "3.7"]
[White "Deze, Anton"]
[Black "Barczay, Laszlo"]
[Result "1/2-1/2"]
[WhiteElo "2395"]
[BlackElo "2465"]
[PlyCount "24"]
[Source "Perpetual Check"]

1. c4 e6 2. Nc3 d5 3. d4 c6 4. cxd5 exd5 5. Bf4 Bd6 6. e3 Bxf4 7. exf4 Nf6 8.
Bd3 O-O 9. Nf3 Bg4 10. O-O Qd6 11. h3 Bxf3 12. Qxf3 Nbd7 1/2-1/2

[Event "7th Novi Sad it"]
[Site "Novi Sad"]
[Date "1978.10.04"]
[EventDate "1978.10.02"]
[Round "3.8"]
[White "Jovic, Ljubomir"]
[Black "Bjelajac, Milan"]
[Result "0-1"]
[WhiteElo "2325"]
[BlackElo "2415"]
[PlyCount "82"]
[Source "Perpetual Check"]

1. e4 e6 2. d3 d5 3. Nd2 b6 4. Ngf3 Nf6 5. exd5 exd5 6. g3 Be7 7. Bg2 O-O 8.
O-O c5 9. Ne5 Bb7 10. Re1 Nbd7 11. Ndf3 d4 12. Nxd7 Nxd7 13. Bf4 Re8 14. Qd2
Nf8 15. h4 Bd5 16. Re5 Bf6 17. Rxd5 Qxd5 18. Ng5 Qd7 19. Bxa8 Rxa8 20. Ne4 Be7
21. Re1 Ne6 22. Ng5 Bxg5 23. hxg5 a5 24. Be5 Re8 25. c4 h6 26. f4 Qd8 27. Qg2
f6 28. gxf6 gxf6 29. Bxf6 Qxf6 30. Qc6 Kf7 31. Re5 Ng7 32. Qd5+ Kf8 33. Re4
Rxe4 34. dxe4 Qe6 35. Qa8+ Ne8 36. b3 d3 37. Qd8 Qxe4 38. Kh2 Qe2+ 39. Kh3 d2
40. Qd5 d1=Q 41. Qf5+ Kg7 0-1

[Event "7th Novi Sad it"]
[Site "Novi Sad"]
[Date "1978.10.05"]
[EventDate "1978.10.02"]
[Round "4.1"]
[White "Martinovic, Slobodan"]
[Black "Bjelajac, Milan"]
[Result "1-0"]
[WhiteElo "2460"]
[BlackElo "2415"]
[PlyCount "75"]
[Source "Perpetual Check"]

1. e4 c5 2. Nf3 Nf6 3. e5 Nd5 4. d4 cxd4 5. Qxd4 e6 6. Bc4 Nc6 7. Qe4 d6 8. O-O
dxe5 9. Nxe5 Nf6 10. Nxc6 Nxe4 11. Nxd8 Kxd8 12. Rd1+ Kc7 13. Bd3 Nd6 14. c4 f6
15. Nc3 Bd7 16. Be3 e5 17. Rac1 Bc6 18. c5 Ne8 19. b4 Rd8 20. b5 Bd7 21. Nd5+
Kc8 22. c6 Bg4 23. f3 Be6 24. cxb7+ Kb8 25. Nc3 Nd6 26. Be4 Be7 27. Bd5 Bxd5
28. Nxd5 Nf5 29. Bf2 Bd6 30. a4 Kxb7 31. a5 Ne7 32. a6+ Kb8 33. Nxe7 Bxe7 34.
Rxd8+ Bxd8 35. Rd1 Bc7 36. Rd7 Rc8 37. Rxg7 h5 38. Kf1 1-0

[Event "7th Novi Sad it"]
[Site "Novi Sad"]
[Date "1978.10.05"]
[EventDate "1978.10.02"]
[Round "4.2"]
[White "Barczay, Laszlo"]
[Black "Jovic, Ljubomir"]
[Result "1-0"]
[WhiteElo "2465"]
[BlackElo "2325"]
[PlyCount "81"]
[Source "Perpetual Check"]

1. e4 c5 2. Nf3 Nc6 3. d4 cxd4 4. Nxd4 g6 5. c4 Bg7 6. Be3 Nf6 7. Nc3 Ng4 8.
Qxg4 Nxd4 9. Qd1 Ne6 10. Rc1 d6 11. Bd3 b6 12. O-O Bb7 13. Bb1 O-O 14. Qd2 Nc5
15. b4 Nd7 16. Nd5 e6 17. Nc3 Ne5 18. Nb5 d5 19. cxd5 exd5 20. exd5 Qxd5 21.
Qxd5 Bxd5 22. Rfd1 Bc6 23. Nd6 Ba4 24. Rd5 Rad8 25. h3 Bc6 26. Rd2 Ba8 27. a3
Rd7 28. Ba2 h6 29. Rcd1 Kh7 30. Nb5 Re7 31. Rd8 Rxd8 32. Rxd8 Be4 33. Nd6 Nc6
34. Rc8 Nd4 35. Bxf7 Bf6 36. Bg8+ Kg7 37. Ne8+ Rxe8 38. Rxe8 Bc6 39. Rc8 Ne2+
40. Kf1 Bb5 41. Bc4 1-0

[Event "7th Novi Sad it"]
[Site "Novi Sad"]
[Date "1978.10.05"]
[EventDate "1978.10.02"]
[Round "4.3"]
[White "Planinc, Albin"]
[Black "Deze, Anton"]
[Result "1-0"]
[WhiteElo "2430"]
[BlackElo "2395"]
[PlyCount "72"]
[Source "Perpetual Check"]

1. e4 c5 2. f4 Nc6 3. Nc3 g6 4. Nf3 Bg7 5. Bc4 e6 6. O-O Nge7 7. e5 d6 8. exd6
Nf5 9. Bb5 Qxd6 10. Ne5 Bd7 11. Nc4 Qe7 12. Ne3 Nfd4 13. Bc4 O-O 14. Re1 b6 15.
Bf1 Qd6 16. g3 Ne7 17. Ne4 Qc7 18. c3 Bc6 19. Bg2 Ndf5 20. Nc4 Rad8 21. Qe2 Bb5
22. d3 Nc6 23. Bd2 Na5 24. Ne5 Nc6 25. Nc4 Qd7 26. Rad1 Qxd3 27. Qxd3 Rxd3 28.
Na3 a6 29. Nf2 Rd6 30. c4 Ba4 31. b3 Rfd8 32. bxa4 Rxd2 33. Bxc6 Rxd1 34. Rxd1
Nd4 35. Bg2 Re8 36. Kf1 e5 1-0

[Event "7th Novi Sad it"]
[Site "Novi Sad"]
[Date "1978.10.05"]
[EventDate "1978.10.02"]
[Round "4.4"]
[White "Sahovic, Dragutin"]
[Black "Vukic, Milan"]
[Result "1-0"]
[WhiteElo "2490"]
[BlackElo "2480"]
[PlyCount "113"]
[Source "Perpetual Check"]

1. d4 Nf6 2. Nc3 d5 3. Bg5 c6 4. Qd3 Qa5 5. a3 e6 6. Bd2 Qb6 7. O-O-O Qc7 8. e4
a6 9. Nh3 b5 10. Qf3 Nbd7 11. Bd3 Nb6 12. Rhe1 Qb7 13. Bg5 Be7 14. e5 Ng8 15.
Bxe7 Qxe7 16. Qg3 g6 17. Nf4 Nc4 18. Bxc4 bxc4 19. Na4 Rb8 20. Nc5 Nh6 21. Nh3
Nf5 22. Qg5 Rb5 23. Qxe7+ Kxe7 24. c3 a5 25. Kc2 Ng7 26. a4 Rb6 27. Rb1 Bd7 28.
b3 cxb3+ 29. Rxb3 Rxb3 30. Nxb3 Rb8 31. Ra1 Nf5 32. Nf4 Ra8 33. Rb1 Kd8 34. Nc5
Bc8 35. g3 Kc7 36. h4 Ra7 37. h5 g5 38. Nh3 g4 39. Ng5 h6 40. Nxf7 Bd7 41. Nh8
Ng7 42. Nf7 Nf5 43. Kd2 Be8 44. Nxe6+ Kc8 45. Nd6+ Nxd6 46. exd6 Rf7 47. Nf4
Rf6 48. Re1 Bd7 49. Re7 Rxd6 50. Rg7 Kd8 51. Nd3 Be8 52. Rxg4 Bxh5 53. Rg8+ Kc7
54. Rg7+ Kc8 55. g4 Be8 56. f4 Re6 57. Ne5 1-0

[Event "7th Novi Sad it"]
[Site "Novi Sad"]
[Date "1978.10.05"]
[EventDate "1978.10.02"]
[Round "4.6"]
[White "Notaros, Krasoje"]
[Black "Jansa, Vlastimil"]
[Result "1/2-1/2"]
[WhiteElo "2355"]
[BlackElo "2505"]
[PlyCount "44"]
[Source "Perpetual Check"]

1. Nf3 Nf6 2. g3 b6 3. Bg2 Bb7 4. O-O e6 5. c4 c5 6. Nc3 Be7 7. b3 O-O 8. Bb2
d5 9. cxd5 exd5 10. d4 Na6 11. e3 Nc7 12. dxc5 bxc5 13. Rc1 Ne6 14. Qe2 Qa5 15.
Rfd1 Rfd8 16. Ne5 Rab8 17. Na4 Ba8 18. Bc3 Qb5 19. Qxb5 Rxb5 20. Bf1 Rbb8 21.
Ba5 Re8 22. Bg2 Rbc8 1/2-1/2

[Event "7th Novi Sad it"]
[Site "Novi Sad"]
[Date "1978.10.05"]
[EventDate "1978.10.02"]
[Round "4.7"]
[White "Nogueiras Santiago, Jesus"]
[Black "Geller, Efim"]
[Result "1/2-1/2"]
[WhiteElo "2385"]
[BlackElo "2590"]
[PlyCount "76"]
[Source "Perpetual Check"]

1. e4 e5 2. Nf3 Nc6 3. Bb5 a6 4. Ba4 Nf6 5. O-O Be7 6. Nc3 b5 7. Bb3 d6 8. Nd5
Na5 9. Nxe7 Qxe7 10. d4 Nxb3 11. axb3 Bb7 12. Bg5 h6 13. Bxf6 Qxf6 14. dxe5
dxe5 15. Qe2 O-O 16. Qe3 Rad8 17. Rfe1 Rfe8 18. b4 Rd6 19. Ra3 Red8 20. h3 Rd1
21. Ra1 Rxa1 22. Rxa1 Qc6 23. c3 Qxe4 24. Qxe4 Bxe4 25. Nxe5 Bb7 26. Re1 Rd2
27. Re3 Rxb2 28. Nd7 g5 29. Nc5 Bd5 30. Nxa6 c6 31. Nc7 Bc4 32. Ne8 Rc2 33. Nd6
Be6 34. g4 Kg7 35. f3 Kg6 36. Ne4 f5 37. Nd6 Kf6 38. Ne8+ Kf7 1/2-1/2

[Event "7th Novi Sad it"]
[Site "Novi Sad"]
[Date "1978.10.05"]
[EventDate "1978.10.02"]
[Round "4.8"]
[White "Farago, Ivan"]
[Black "Popovic, Petar"]
[Result "1-0"]
[WhiteElo "2510"]
[BlackElo "2400"]
[PlyCount "81"]
[Source "Perpetual Check"]

1. d4 Nf6 2. c4 g6 3. Nc3 Bg7 4. e4 d6 5. Be2 O-O 6. Bg5 c5 7. d5 h6 8. Bf4 a6
9. a4 Qa5 10. Bd2 e5 11. Qc1 h5 12. Nf3 Qd8 13. a5 Nh7 14. Na4 Nd7 15. O-O f5
16. exf5 gxf5 17. Ng5 Nxg5 18. Bxg5 Qe8 19. Qd1 Nf6 20. Nb6 Rb8 21. Ra3 Ng4 22.
h3 Nf6 23. Rb3 Bd7 24. Bxh5 Nxh5 25. Nxd7 Qxd7 26. Qxh5 f4 27. Qg6 Rf5 28. Rb6
Qf7 29. Qxf7+ Kxf7 30. h4 Bf8 31. b4 cxb4 32. Rb1 Ke8 33. R1xb4 Rf7 34. Rxa6
Rc8 35. Rab6 Ra8 36. Rxb7 Rxb7 37. Rxb7 Rxa5 38. h5 Rc5 39. h6 Bxh6 40. Bxh6
Rxc4 41. Rb6 1-0